| 000 | 03033nam0a2200409 4500 | ||
|---|---|---|---|
| 001 | RU\NLR\BIBL_A\022075437 | ||
| 005 | 20231130093917.0 | ||
| 010 |
_a978-5-907600-78-2 _9100 |
||
| 021 |
_aRU _bКН-П-23-066836 _9КН-П-23-6798 |
||
| 035 | _a(NLR Aleph) 022075437 | ||
| 035 | _a(RuMoRGB)012240993 | ||
| 090 |
_a12672958 _c12672958 |
||
| 100 | _a20231116d2022 u y0rusy50 ca | ||
| 101 | 0 | _arus | |
| 102 | _aRU | ||
| 105 | _aa|||z|||100zy | ||
| 181 | 0 |
_ai _baxxe |
|
| 182 | 0 | _an | |
| 200 | 1 |
_aМетоды, средства и технологии получения и обработки измерительной информации ("Шляндинские чтения-2022") _eматериалы XIV Международной научно-технической конференции с элементами научной школы и конкурсом научно-исследовательских работ для студентов, аспирантов и молодых ученых, г. Пенза, 24-26 октября 2022 г _fМинистерство науки и высшего образования Российской Федерации, Федеральное государственное бюджетное образовательное учреждение высшего образования "Пензенский государственный университет" (ПГУ) [и др.] _gпод редакцией доктора технических наук Е. А. Печерской |
|
| 203 |
_aТекст _bвизуальный _cнепосредственный |
||
| 210 |
_aПенза _cИзд-во ПГУ _d2022 |
||
| 215 |
_a328, [1] с. _cил., табл. _d29 |
||
| 313 | _aПо пред. конф. | ||
| 320 | _aБиблиогр. в конце ст. | ||
| 606 | 1 |
_aТехнические измерения _jСъезды, совещания и т.п _2nlr_sh1 _2nlr_sh2 _3RU\NLR\AUTH\66425293 |
|
| 606 | 1 |
_aИзмерительно-информационные системы _jСъезды, совещания и т.п _2nlr_sh2 _3RU\NLR\AUTH\661269484 |
|
| 675 |
_a082 _v4 |
||
| 686 | 1 | _aЖ10я431(0) | |
| 686 | 1 | _aЗ965.07я431(0) | |
| 702 | 1 |
_aПечерская _bЕ. А. _gЕкатерина Анатольевна _4340 |
|
| 711 | 1 | 2 |
_a"Шляндинские чтения - 2022", международная научно-техническая конференция с элементами научной школы и конкурсом научно-исследовательских работ для студентов, аспирантов и молодых ученых _d14 _eПенза _3RU\NLR\AUTH\880600744 |
| 712 | 0 | 2 |
_aПензенский государственный университет _3RU\NLR\AUTH\8810010946 _4475 |
| 942 | _cBOOK | ||
| 980 | _aNB | ||